Torschützen des BVB seit 2000 - Statistiken

Allgemein
  • Dieses Quiz wurde 286 mal gespielt
  • Das Durchschnittsergebnis liegt bei 52 aus 127
Antwortstatistiken
Tore für den BVB Saisons Position Nationalität Antwort % Korrekt
120 2012- 2024 Mittelfeld DEU Marco Reus
100%
74 2010- 2014 Angriff POL Robert Lewandowski
97%
62 2020- 2022 Angriff NOR Erling Braut Haaland
96%
30 2008- 20162019- aktiv Abwehr DEU Mats Hummels
94%
98 2013- 2018 Angriff GAB Pierre-Emerick Aubameyang
94%
41 2010- 20122014- 2019 Mittelfeld JAP Shinji Kagawa
89%
40 2008- 20212024- aktiv Mittelfeld ENG Jadon Sancho
83%
36 2009- 20132016- 2020 Mittelfeld DEU Mario Götze
81%
31 2019- aktiv Mittelfeld DEU Julian Brandt
80%
12 2020- 2023 Mittelfeld ENG Jude Bellingham
78%
26 2021- aktiv Angriff NED Donyell Malen
77%
6 2022- aktiv Abwehr DEU Nico Schlotterbeck
74%
20 2002- 2015 Mittlfeld DEU Sebastian Kehl
74%
12 1998- 2011 Abwehr BRA Dede
73%
23 2018- 2020 Angriff ESP Paco Alcacer
73%
21 2005- 20112013- 2018 Mittelfeld TUR Nuri Sahin
72%
27 2007- 2015 Mittelfeld POL Jakub „Kuba“ Blaszczykowski
71%
30 2016- 2023 Abwehr POR Raphael Guerreiro
69%
5 2023- aktiv Abwehr NOR Julian Ryerson
68%
4 2023- aktiv Mittelfeld AUT Marcel Sabitzer
68%
15 2008- 2018 Abwehr SRB Neven Subotic
67%
13 2019- aktiv Mittelfeld USA Giovanni Reyna
66%
4 2022- aktiv Angriff ENG Jamie Bynoe-Gittens
66%
12 2020- aktiv Mittelfeld DEU Emre Can
65%
49 1993- 2007 Mittelfeld DEU Lars Ricken
65%
3 2022- aktiv Abwehr DEU Niklas Süle
65%
6 2016- 2017 Angriff FRA Ousmane Dembele
63%
9 2022- aktiv Angriff DEU Karim Adeyemi
62%
19 2001- 2006 Mittelfeld CZE Tomas Rosicky
62%
16 2010- 2021 Abwehr POL Lukasz Piszczek
61%
12 2023- aktiv Angriff DEU Niclas Füllkrug
60%
8 2023- aktiv Angriff CIV Sebastien Haller
60%
10 2018- 2022 Mittelfeld BEL Axel Witsel
59%
13 2016- 2019 Mittelfeld USA Christian Pulisic
59%
39 2009- 2012 Angriff PAR Lucas Barrios
59%
59 2001- 2006 Angriff CZE Jan Koller
57%
7 2013- 2018 Abwehr GRE Sokratis
57%
4 2018- 2022 Abwehr CH Manuel Akanji
56%
7 2018- 2020 Abwehr MAR Achraf Hakimi
55%
1 2016- 2017 Angriff TUR Emre Mor
53%
23 2013- 2016 Mittelfeld ARM Henrikh Mkhitaryan
53%
23 2009- 2015 Mittelfeld DEU Kevin Großkreutz
53%
12 2019- 2023 Mittelfeld BEL Thorgan Hazard
53%
17 2020- aktiv Angriff DEU Youssoufa Moukoko
53%
10 2011- 2016 Mittelfeld DEU Ilkay Gündogan
50%
4 2018- 2021 Mittelfeld DEN Thomas Delaney
49%
28 2001- 2004 Angriff BRA Marcio Amoroso
48%
13 2014- 2017 Angriff COL Adrian Ramos
47%
4 2009- 2017 Mittelfeld DEU Sven Bender
47%
34 2006- 2009 Angriff CH Alexander Frei
46%
3 2017- 2018 Angriff UKR Andrij Jarmolenko
46%
13 2008- 2012 Angriff EGY Mohamed Zidan
46%
6 2008- 2013 Abwehr BRA Felipe Santana
45%
2 2024- aktiv Abwehr NED Ian Maatsen
45%
3 2020- 2024 Abwehr BEL Thomas Meunier
45%
4 2017- 2022 Abwehr FRA Dan-Axel Zagadou
44%
14 1995- 2002 Abwehr DEU Jürgen Kohler
42%
9 2011- 2013 Mittelfeld CRO Ivan Perisic
41%
47 2001- 2005 Angriff BRA Ewerthon
40%
1 2023- aktiv Mittelfeld DEU Felix Nmecha
40%
7 2018 Angriff BEL Michy Batshuayi
38%
3 2016-2018 Angriff DEU Andre Schürrle
37%
2 2022- 2023 Angriff FRA Anthony Modeste
37%
2 2016- 2018 Abwehr ESP Marc Bartra
37%
68 1988- 19901994- 2000 Mittelfeld DEU Andreas Möller
36%
16 2006- 2010 Angriff PAR Nelson Valdez
36%
25 2005- 2007 Angriff POL Euzebiusz „Ebi“ Smolarek
35%
4 1999- 2005 Abwehr BRA Evanilson
34%
1 2018- 2019 Abwehr FRA Abdou Diallo
33%
3 2012- 2014 Angriff DEU Julian Schieber
33%
1 2019- 2023 Abwehr DEU Nico Schulz
33%
13 2007- 2008 Angriff KRO Mladen Petric
31%
11 1999- 2005 Mittelfeld GHA Otto Addo
31%
5 2018- aktiv Abwehr DEU Marius Wolf
30%
10 2017- 2019 Angriff DEU Maximilian Philipp
30%
14 1999- 2008 Abwehr DEU Christian Wörns
29%
2 2013- 2018 Abwehr DEU Erik Durm
29%
3 2015- 2019 Mittelfeld DEU Julian Weigl
29%
3 2014- 2017 Abwehr DEU Matthias Ginter
29%
9 2006- 2010 Mittelfeld BRA Tinga
29%
4 2017- 2023 Mittelfeld DEU Mahmoud Dahoud
28%
4 2014- 2015 Mittelfeld SRB Milos Jojic
27%
11 1992- 2004 Mittelfeld DEU Stefan Reuter
27%
1 2010- 2012 Mittelfeld BRA Antonio da Silva
25%
2 2017- 2020 Mittelfeld DEN Jacob Bruun Larsen
25%
42 1995- 2004 Angriff DEU Heiko Herrlich
24%
1 2020- 2022 Mittelfeld BRA Reinier
24%
5 2008- 2010 Mittelfeld HUN Tamas Hajnal
24%
1 2016- 2019 Mittelfeld DEU Sebastian Rode
23%
2 2000- 2007 Abwehr DEU Christopher Metzelder
22%
3 2020- 2022 Angriff DEU Steffen Tigges
22%
2 2ß16- 2023 Abwehr GER Felix Passlack
21%
17 2001- 2012 Mittelfeld DEU Florian Kringe
21%
6 2015- 2018 Mittelfeld DEU Gonzalo Castro
21%
3 2012- 2015 Mittelfeld DEU Jonas Hofman
21%
3 2008- 2013 Abwehr DEU Patrick Owomoyela
20%
1 2022- aktiv Abwehr DEU Tom Rothe
20%
2 2002- 2006 Angriff GER David Odonkor
19%
6 2007- 2008 Angriff ARG Diego Klimowicz
19%
4 2007- 2009 Mittelfeld DEU / ITA Giovanni Federico
19%
1 2005- 2008 Abwehr CH Philipp Degen
19%
17 1996- 19982000- 2003 Mittelfeld DEU Jörg Heinrich
17%
17 1999- 2004 Angriff DEU Giuseppe Reina
15%
1 2012- 2015 Abwehr DEU Oliver Kirch
15%
8 1994- 2000 Mittelfeld RUS Wladimir But
15%
2 2004- 2008 Mittelfeld DEU Marc-Andre Kruska
14%
6 1998- 2000 Angriff BIH Sergej Barbarez
14%
3 1999- 2002 Angriff NIG Victor Ikpeba
14%
3 2001- 2005 Abwehr ALG/ FRA Ahmed Madouni
13%
1 2012- 2013 Mittelfeld DEU/ BRA Leonardo Bittencourt
13%
1 2013- 2014 Abwehr DEU Manuel Friedrich
13%
6 2003- 2008 Abwehr DEU Markus Brzenska
13%
1 2005- 2009 Angriff ZAF /DEU Delron Buckley
12%
1 2009- 2012 Angriff BUL Dimitar Rangelow
12%
3 1994- 2000 Angriff GHA Ibrahim Tanko
12%
1 2000- 2005 Mittelfeld NIG Sunday Oliseh
12%
2 2003- 2005 Abwehr DEN Niclas Jensen
11%
5 2003- 2006 Mittelfeld DEU / ITA Salvatore Gambino
11%
1 2017- 2019 Abwehr DEU Jeremy Toljan
10%
1 2020- 2022 Angriff DEU Ansgar Knauff
9%
8 1999- 2002 Mittelfeld SRB Miroslav Stevic
9%
2 2006- 2008 Abwehr DEU Martin Amedick
8%
6 1998- 2001 Abwehr NED Alfred Nijhuis
7%
1 2009- 2011 Angriff DEU Marco Stiepermann
7%
2 2002- 2004 Mittelfeld BRA Leandro
6%
2 1998- 2001 Mittelfeld GER Christian Nerlinger
3%
1 2003- 2004 Mittelfeld BRA Flavio Conceicao
3%
Keine übereinstimmenden Quizze gefunden
Verteilung der Resultate
Anzahl Personen mit jedem Resultat
Perzentil nach korrekt beantworteten Fragen
Ihre Resultats-Entwicklung
Sie haben dieses Quiz noch nicht gespielt